[Event "DVM U14 2022"]
[Site "Kelheim GER"]
[Date "2022.12.27"]
[Round "1"]
[White "Semling, Julius"]
[Black "Dubinker, Philipp"]
[Result "1/2-1/2"]
[Termination "normal"]
[Board "6.1"]
[WhiteElo "1915"]
[BlackElo "1639"]
[WhiteClock "00:02:07"]
[BlackClock "00:05:38"]
[WhiteTeam "OSG Baden-Baden"]
[BlackTeam "SK Marburg 1931/72"]
[PlyCount "65"]
[WhiteFideId "16290160"]
[BlackFideId "34608320"]
[EventCountry "GER"]
[EventRounds "7"]
[EventType "team-swiss"]
[EventDate "2022.12.26"]

1. e4 {[%clk 01:30:56]} {[%emt 00:00:03]} e5 {[%clk 01:30:55]} {[%emt
00:00:05]} 2. Nf3 {[%clk 01:31:19]} {[%emt 00:00:08]} Nc6 {[%clk 01:31:17]}
{[%emt 00:00:08]} 3. Bc4 {[%clk 01:31:34]} {[%emt 00:00:14]} Bc5 {[%clk
01:31:40]} {[%emt 00:00:07]} 4. c3 {[%clk 01:31:53]} {[%emt 00:00:11]} Nf6
{[%clk 01:31:59]} {[%emt 00:00:11]} 5. d3 {[%clk 01:32:15]} {[%emt 00:00:09]}
d6 {[%clk 01:31:49]} {[%emt 00:00:39]} 6. O-O {[%clk 01:31:20]} {[%emt
00:01:25]} O-O {[%clk 01:32:09]} {[%emt 00:00:10]} 7. h3 {[%clk 01:30:18]}
{[%emt 00:01:33]} h6 {[%clk 01:32:17]} {[%emt 00:00:21]} 8. Re1 {[%clk
01:30:20]} {[%emt 00:00:28]} Re8 {[%clk 01:26:38]} {[%emt 00:06:09]} 9. Nbd2
{[%clk 01:29:07]} {[%emt 00:01:44]} Ne7 {[%clk 01:23:58]} {[%emt 00:03:09]} 10.
Nf1 {[%clk 01:23:46]} {[%emt 00:05:52]} Ng6 {[%clk 01:22:17]} {[%emt 00:02:10]}
11. Ng3 {[%clk 01:21:51]} {[%emt 00:02:26]} c6 {[%clk 01:18:08]} {[%emt
00:04:39]} 12. Bb3 {[%clk 01:17:49]} {[%emt 00:04:31]} Bd7 {[%clk 01:06:35]}
{[%emt 00:12:03]} 13. d4 {[%clk 01:10:51]} {[%emt 00:07:28]} Bb6 {[%clk
01:01:25]} {[%emt 00:05:37]} 14. Bc2 {[%clk 01:07:02]} {[%emt 00:04:22]} Bc7
{[%clk 00:49:26]} {[%emt 00:12:28]} 15. Be3 {[%clk 00:54:42]} {[%emt 00:12:51]}
Qc8 {[%clk 00:42:11]} {[%emt 00:07:45]} 16. Qd2 {[%clk 00:41:23]} {[%emt
00:13:49]} Kh7 {[%clk 00:37:08]} {[%emt 00:05:32]} 17. Rad1 {[%clk 00:34:54]}
{[%emt 00:07:00]} Be6 {[%emt 00:04:45]} 18. Bb1 {[%clk 00:29:26]} {[%emt
00:05:28]} Qd7 {[%clk 00:31:03]} {[%emt 00:02:50]} 19. Qc1 {[%clk 00:25:46]}
{[%emt 00:04:10]} Qe7 {[%clk 00:31:04]} {[%emt 00:00:29]} 20. Nf5 {[%clk
00:23:55]} {[%emt 00:02:22]} Qf8 {[%clk 00:29:31]} {[%emt 00:02:02]} 21. g3
{[%emt 00:02:41]} Rad8 {[%clk 00:23:53]} {[%emt 00:06:06]} 22. dxe5 {[%clk
00:15:26]} {[%emt 00:06:50]} dxe5 {[%clk 00:21:03]} {[%emt 00:03:20]} 23. Kg2
{[%clk 00:12:57]} {[%emt 00:02:59]} b6 {[%clk 00:17:56]} {[%emt 00:03:37]} 24.
b3 {[%clk 00:10:17]} {[%emt 00:03:09]} Rxd1 {[%clk 00:16:17]} {[%emt 00:02:10]}
25. Rxd1 {[%clk 00:10:30]} {[%emt 00:00:17]} Rd8 {[%clk 00:15:32]} {[%emt
00:01:15]} 26. Rxd8 {[%clk 00:09:44]} {[%emt 00:01:17]} Bxd8 {[%clk 00:14:59]}
{[%emt 00:01:02]} 27. Qd2 {[%clk 00:09:16]} {[%emt 00:00:57]} Bc7 {[%clk
00:14:30]} {[%emt 00:00:59]} 28. c4 {[%clk 00:08:24]} {[%emt 00:01:23]} Ne7
{[%clk 00:12:06]} {[%emt 00:02:54]} 29. Qb2 {[%clk 00:07:13]} {[%emt 00:01:37]}
Ng6 {[%clk 00:08:21]} {[%emt 00:04:20]} 30. Qd2 {[%clk 00:06:33]} {[%emt
00:01:08]} c5 {[%clk 00:07:38]} {[%emt 00:01:12]} 31. Qb2 {[%clk 00:05:27]}
{[%emt 00:01:37]} Bd7 {[%clk 00:06:41]} {[%emt 00:01:27]} 32. Nd2 {[%clk
00:03:31]} {[%emt 00:02:26]} Ne7 {[%clk 00:05:38]} {[%emt 00:01:33]} 33. Nxe7
{[%clk 00:02:07]} {[%emt 00:01:55]} 1/2-1/2

[Event "DVM U14 2022"]
[Site "Kelheim GER"]
[Date "2022.12.27"]
[Round "1"]
[White "Sreeramulu, Aarush"]
[Black "Semling, Johannes"]
[Result "1/2-1/2"]
[Termination "normal"]
[Board "6.2"]
[WhiteElo "1526"]
[BlackElo "1794"]
[WhiteClock "01:30:33"]
[BlackClock "01:30:03"]
[WhiteTeam "SK Marburg 1931/72"]
[BlackTeam "OSG Baden-Baden"]
[PlyCount "71"]
[WhiteFideId "34610685"]
[BlackFideId "16290151"]
[EventCountry "GER"]
[EventRounds "7"]
[EventType "team-swiss"]
[EventDate "2022.12.26"]

1. d4 {[%clk 01:30:59]} d5 {[%clk 01:30:42]} {[%emt 00:00:18]} 2. c4 {[%clk
01:31:18]} {[%emt 00:00:11]} e6 {[%clk 01:30:55]} {[%emt 00:00:17]} 3. Nc3
{[%clk 01:31:39]} {[%emt 00:00:10]} Nf6 {[%clk 01:30:51]} {[%emt 00:00:33]} 4.
Bg5 {[%clk 01:31:38]} {[%emt 00:00:31]} Be7 {[%clk 01:30:53]} {[%emt 00:00:27]}
5. e3 {[%clk 01:30:40]} {[%emt 00:01:29]} O-O {[%clk 01:30:03]} {[%emt
00:01:20]} 6. Nf3 {[%emt 00:00:36]} b6 7. Be2 Bb7 8. O-O Nbd7 9. cxd5 Nxd5 10.
Bxe7 Qxe7 11. Nxd5 exd5 12. Rc1 c5 13. Bb5 Nf6 14. b3 Rfc8 15. Bd3 a5 16. a4
Ba6 17. Bxa6 Rxa6 18. Qd3 Ra7 19. Qb5 Qc7 20. Ne5 Rb7 21. Rc2 Nd7 22. Nxd7 Qxd7
23. Rfc1 Qxb5 24. axb5 Rbc7 25. dxc5 Rxc5 26. Rxc5 bxc5 27. b6 Kf8 28. b7 Rb8
29. Rxc5 Rxb7 30. Rxa5 Rxb3 31. g3 Rb1 32. Kg2 Rd1 33. Kf3 Ke7 34. Ke2 Rh1 35.
h4 Ke6 36. Kf3 {[%clk 01:30:33]} 1/2-1/2

[Event "DVM U14 2022"]
[Site "Kelheim GER"]
[Date "2022.12.27"]
[Round "1"]
[White "Alkayas, Mohammad"]
[Black "Matz, Niklas"]
[Result "1/2-1/2"]
[Termination "normal"]
[Board "6.4"]
[WhiteElo "1174"]
[BlackElo "1417"]
[WhiteClock "00:54:40"]
[BlackClock "01:01:49"]
[WhiteTeam "SK Marburg 1931/72"]
[BlackTeam "OSG Baden-Baden"]
[PlyCount "40"]
[WhiteFideId "34608400"]
[BlackFideId "34601708"]
[EventCountry "GER"]
[EventRounds "7"]
[EventType "team-swiss"]
[EventDate "2022.12.26"]

1. e4 {[%clk 01:30:59]} e5 {[%clk 01:30:51]} {[%emt 00:00:10]} 2. Nf3 {[%clk
01:31:25]} {[%emt 00:00:04]} Nc6 {[%clk 01:30:49]} {[%emt 00:00:31]} 3. Bb5
{[%clk 01:31:42]} {[%emt 00:00:13]} d6 {[%clk 01:29:55]} {[%emt 00:01:24]} 4.
Nc3 {[%clk 01:31:40]} {[%emt 00:00:33]} Bd7 {[%clk 01:29:17]} {[%emt 00:01:08]}
5. Bxc6 {[%clk 01:31:39]} {[%emt 00:00:30]} Bxc6 {[%clk 01:28:29]} {[%emt
00:01:18]} 6. d3 {[%clk 01:27:51]} {[%emt 00:04:18]} Nf6 {[%clk 01:26:51]}
{[%emt 00:02:08]} 7. Bg5 {[%clk 01:23:54]} {[%emt 00:04:27]} Be7 {[%clk
01:20:55]} {[%emt 00:06:26]} 8. O-O {[%clk 01:21:57]} {[%emt 00:02:29]} h6
{[%clk 01:18:16]} {[%emt 00:03:08]} 9. Bxf6 {[%clk 01:21:36]} {[%emt 00:00:50]}
Bxf6 {[%emt 00:02:59]} 10. Nd5 {[%clk 01:21:37]} {[%emt 00:00:27]} Bd7 {[%clk
01:13:02]} {[%emt 00:03:17]} 11. Nxf6 {[%clk 01:16:08]} {[%emt 00:06:00]} Qxf6
{[%clk 01:13:13]} {[%emt 00:00:18]} 12. Nd2 {[%clk 01:16:01]} {[%emt 00:00:37]}
Qg5 {[%clk 01:10:15]} {[%emt 00:03:27]} 13. Nb3 {[%clk 01:15:14]} {[%emt
00:01:18]} O-O-O {[%clk 01:08:37]} {[%emt 00:02:07]} 14. Qf3 {[%clk 01:11:42]}
{[%emt 00:04:02]} f5 {[%clk 01:07:05]} {[%emt 00:02:04]} 15. exf5 {[%clk
01:08:57]} {[%emt 00:03:14]} Bxf5 {[%clk 01:05:05]} {[%emt 00:02:30]} 16. Qe3
{[%clk 01:09:01]} {[%emt 00:00:26]} Qxe3 {[%clk 01:04:15]} {[%emt 00:01:20]}
17. fxe3 {[%clk 01:09:20]} {[%emt 00:00:11]} Rhf8 {[%clk 01:04:18]} {[%emt
00:00:27]} 18. e4 {[%clk 01:07:36]} {[%emt 00:02:15]} Bg4 {[%clk 01:03:01]}
{[%emt 00:01:47]} 19. h3 {[%clk 00:57:20]} {[%emt 00:10:47]} Bh5 {[%clk
01:02:19]} {[%emt 00:01:10]} 20. g4 {[%clk 00:54:40]} {[%emt 00:03:11]} Bg6
{[%clk 01:01:49]} {[%emt 00:01:00]} 1/2-1/2

[Event "DVM U14 2022"]
[Site "Kelheim GER"]
[Date "2022.12.27"]
[Round "1"]
[White "Haug, Mara"]
[Black "Fruth, David"]
[Result "0-1"]
[Termination "normal"]
[Board "7.1"]
[WhiteElo "1629"]
[BlackElo "1976"]
[WhiteClock "00:01:25"]
[BlackClock "00:27:40"]
[WhiteTeam "Karlsruher SF 1853"]
[BlackTeam "USV TU Dresden"]
[PlyCount "74"]
[WhiteFideId "16259300"]
[BlackFideId "16257596"]
[EventCountry "GER"]
[EventRounds "7"]
[EventType "team-swiss"]
[EventDate "2022.12.26"]

1. e4 {[%clk 01:30:56]} {[%emt 00:00:03]} c5 {[%clk 01:30:53]} {[%emt
00:00:07]} 2. Nf3 {[%clk 01:31:21]} {[%emt 00:00:05]} g6 {[%clk 01:31:21]}
{[%emt 00:00:02]} 3. d4 {[%clk 01:31:38]} {[%emt 00:00:13]} Bg7 {[%clk
01:31:41]} {[%emt 00:00:10]} 4. dxc5 {[%clk 01:32:02]} {[%emt 00:00:05]} Qa5
{[%clk 01:32:04]} {[%emt 00:00:07]} 5. c3 {[%clk 01:32:26]} {[%emt 00:00:07]}
Qxc5 {[%clk 01:32:21]} {[%emt 00:00:14]} 6. Na3 {[%clk 01:32:45]} {[%emt
00:00:10]} d6 {[%clk 01:11:00]} {[%emt 00:21:52]} 7. Be3 {[%clk 01:32:04]}
{[%emt 00:01:08]} Qa5 {[%clk 01:06:46]} {[%emt 00:04:45]} 8. Be2 {[%clk
01:29:39]} {[%emt 00:02:55]} Bd7 {[%clk 01:02:31]} {[%emt 00:04:46]} 9. Nd4
{[%clk 01:25:07]} {[%emt 00:05:01]} Nf6 {[%clk 01:02:16]} {[%emt 00:00:46]} 10.
f3 {[%clk 01:24:24]} {[%emt 00:01:13]} O-O {[%clk 01:02:11]} {[%emt 00:00:35]}
11. Qd2 {[%clk 01:20:50]} {[%emt 00:04:03]} Nc6 {[%clk 01:00:07]} {[%emt
00:02:34]} 12. O-O {[%clk 01:14:13]} {[%emt 00:07:08]} Nxd4 {[%clk 00:59:18]}
{[%emt 00:01:19]} 13. Bxd4 {[%clk 01:07:54]} {[%emt 00:06:48]} b6 {[%clk
00:56:58]} {[%emt 00:02:51]} 14. Rfd1 {[%clk 00:54:02]} {[%emt 00:14:21]} Rac8
{[%clk 00:54:50]} {[%emt 00:02:39]} 15. Nc4 {[%clk 00:41:11]} {[%emt 00:13:19]}
Qh5 {[%clk 00:52:50]} {[%emt 00:02:31]} 16. Bf2 {[%clk 00:26:12]} {[%emt
00:15:27]} Bb5 {[%clk 00:48:08]} {[%emt 00:05:15]} 17. Ne3 {[%clk 00:24:27]}
{[%emt 00:02:13]} Nxe4 {[%clk 00:46:55]} {[%emt 00:01:45]} 18. fxe4 {[%clk
00:18:51]} {[%emt 00:06:05]} Bxe2 {[%clk 00:46:07]} {[%emt 00:01:19]} 19. Re1
{[%clk 00:18:57]} {[%emt 00:00:23]} Ba6 {[%clk 00:44:31]} {[%emt 00:02:06]} 20.
Nd5 {[%clk 00:17:46]} {[%emt 00:01:41]} Rfe8 {[%clk 00:43:42]} {[%emt
00:01:19]} 21. Rad1 {[%clk 00:15:38]} {[%emt 00:02:37]} Bb7 {[%clk 00:43:36]}
{[%emt 00:00:38]} 22. Qc2 {[%clk 00:12:51]} {[%emt 00:03:16]} Be5 {[%clk
00:42:14]} {[%emt 00:01:53]} 23. h3 {[%clk 00:11:06]} {[%emt 00:02:15]} e6
{[%clk 00:40:19]} {[%emt 00:02:25]} 24. Ne3 {[%clk 00:10:08]} {[%emt 00:01:28]}
Qg5 {[%clk 00:38:05]} {[%emt 00:02:43]} 25. Ng4 {[%clk 00:09:00]} {[%emt
00:01:37]} f5 {[%clk 00:31:20]} {[%emt 00:07:16]} 26. Nxe5 {[%clk 00:05:14]}
{[%emt 00:04:16]} dxe5 {[%clk 00:31:38]} {[%emt 00:00:12]} 27. Be3 {[%clk
00:05:05]} {[%emt 00:00:38]} Qe7 {[%clk 00:30:13]} {[%emt 00:01:56]} 28. exf5
{[%clk 00:04:32]} {[%emt 00:01:04]} exf5 {[%clk 00:30:36]} {[%emt 00:00:07]}
29. Qa4 {[%clk 00:04:13]} {[%emt 00:00:46]} Bc6 {[%clk 00:30:14]} {[%emt
00:00:55]} 30. Qb3 {[%clk 00:04:31]} {[%emt 00:00:09]} Kg7 {[%clk 00:28:13]}
{[%emt 00:02:34]} 31. Bd4 {[%clk 00:03:16]} {[%emt 00:01:45]} Qg5 {[%clk
00:28:25]} {[%emt 00:00:18]} 32. Qc2 {[%clk 00:01:01]} {[%emt 00:02:45]} exd4
{[%clk 00:28:26]} {[%emt 00:00:29]} 33. Rxe8 {[%clk 00:01:00]} {[%emt
00:00:31]} Rxe8 {[%clk 00:28:27]} {[%emt 00:00:29]} 34. cxd4 {[%clk 00:01:23]}
{[%emt 00:00:07]} Bf3 {[%clk 00:27:23]} {[%emt 00:01:34]} 35. Rd2 {[%clk
00:00:46]} {[%emt 00:01:06]} Re1 {[%clk 00:27:30]} {[%emt 00:00:24]} 36. Kh2
{[%clk 00:01:14]} {[%emt 00:00:02]} Qf4 {[%clk 00:27:55]} {[%emt 00:00:04]} 37.
g3 {[%clk 00:01:25]} {[%emt 00:00:19]} Rh1# {[%clk 00:27:40]} {[%emt 00:00:14]}
0-1

[Event "DVM U14 2022"]
[Site "Kelheim GER"]
[Date "2022.12.27"]
[Round "1"]
[White "Espig, Nils"]
[Black "Khachaturyan, Konstantin"]
[Result "1-0"]
[Termination "normal"]
[Board "7.2"]
[WhiteElo "1608"]
[BlackElo "1361"]
[WhiteClock "00:27:12"]
[BlackClock "00:05:55"]
[WhiteTeam "USV TU Dresden"]
[BlackTeam "Karlsruher SF 1853"]
[PlyCount "109"]
[WhiteFideId "16236980"]
[BlackFideId "16239083"]
[EventCountry "GER"]
[EventRounds "7"]
[EventType "team-swiss"]
[EventDate "2022.12.26"]

1. e4 {[%clk 01:30:56]} {[%emt 00:00:03]} c6 {[%clk 01:30:57]} {[%emt
00:00:04]} 2. d4 {[%clk 01:31:15]} {[%emt 00:00:10]} d5 {[%clk 01:31:22]}
{[%emt 00:00:05]} 3. exd5 {[%clk 01:31:24]} {[%emt 00:00:21]} cxd5 {[%clk
01:31:43]} {[%emt 00:00:10]} 4. Bd3 {[%clk 01:31:25]} {[%emt 00:00:28]} Nc6
{[%clk 01:32:06]} {[%emt 00:00:08]} 5. c3 {[%clk 01:31:37]} {[%emt 00:00:18]}
Qc7 {[%clk 01:31:46]} {[%emt 00:00:49]} 6. Nf3 {[%clk 01:30:04]} {[%emt
00:02:03]} Bg4 {[%clk 01:32:07]} {[%emt 00:00:09]} 7. Bg5 {[%clk 01:27:50]}
{[%emt 00:02:44]} Nf6 {[%clk 01:30:00]} {[%emt 00:02:37]} 8. Nbd2 {[%clk
01:27:49]} {[%emt 00:00:32]} e6 {[%clk 01:28:47]} {[%emt 00:01:41]} 9. Qa4
{[%clk 01:25:00]} {[%emt 00:03:21]} Be7 {[%clk 01:23:14]} {[%emt 00:06:01]} 10.
Ne5 {[%clk 01:22:18]} {[%emt 00:03:13]} O-O {[%clk 01:20:20]} {[%emt 00:03:25]}
11. Bxf6 {[%clk 01:21:49]} {[%emt 00:00:59]} Bh5 {[%clk 01:05:24]} {[%emt
00:15:26]} 12. Bxe7 {[%clk 01:20:07]} {[%emt 00:02:11]} Nxe5 {[%clk 01:05:11]}
{[%emt 00:00:43]} 13. dxe5 {[%clk 01:08:46]} {[%emt 00:11:51]} Qxe7 {[%clk
01:03:42]} {[%emt 00:01:59]} 14. O-O {[%clk 01:04:24]} {[%emt 00:04:53]} Qg5
{[%clk 00:58:44]} {[%emt 00:05:25]} 15. f4 {[%clk 01:01:25]} {[%emt 00:03:31]}
Qe7 {[%clk 00:53:40]} {[%emt 00:05:32]} 16. Qb4 {[%clk 00:57:40]} {[%emt
00:04:17]} Qc7 {[%clk 00:52:18]} {[%emt 00:01:52]} 17. c4 {[%clk 00:55:07]}
{[%emt 00:03:03]} Rfd8 {[%clk 00:47:00]} {[%emt 00:05:47]} 18. Rac1 {[%clk
00:46:41]} {[%emt 00:08:58]} Qb6 {[%clk 00:41:10]} {[%emt 00:06:19]} 19. Qxb6
{[%clk 00:46:47]} {[%emt 00:00:25]} axb6 {[%clk 00:41:37]} {[%emt 00:00:03]}
20. Nf3 {[%clk 00:35:40]} {[%emt 00:11:36]} Bg6 {[%clk 00:32:04]} {[%emt
00:10:04]} 21. Bxg6 {[%clk 00:35:53]} {[%emt 00:00:16]} hxg6 {[%clk 00:32:21]}
{[%emt 00:00:13]} 22. cxd5 {[%clk 00:35:07]} {[%emt 00:01:16]} exd5 {[%clk
00:32:41]} {[%emt 00:00:11]} 23. a3 {[%clk 00:35:16]} {[%emt 00:00:20]} Rd7
{[%clk 00:31:43]} {[%emt 00:01:28]} 24. Rfd1 {[%clk 00:35:29]} {[%emt
00:00:17]} Kf8 {[%clk 00:28:44]} {[%emt 00:03:29]} 25. Nd4 {[%clk 00:35:08]}
{[%emt 00:00:52]} Ke7 {[%clk 00:21:23]} {[%emt 00:07:50]} 26. Nb5 {[%clk
00:34:43]} {[%emt 00:00:56]} Ra5 {[%clk 00:21:03]} {[%emt 00:00:50]} 27. Nd6
{[%emt 00:11:12]} Rxd6 {[%clk 00:11:54]} {[%emt 00:00:01]} 28. exd6 {[%clk
00:34:05]} {[%emt 00:00:03]} Kxd6 {[%clk 00:12:05]} {[%emt 00:00:19]} 29. Rd4
{[%clk 00:33:59]} {[%emt 00:00:36]} Ke6 {[%clk 00:10:30]} {[%emt 00:02:06]} 30.
g4 {[%clk 00:33:52]} {[%emt 00:00:37]} b5 {[%clk 00:07:46]} {[%emt 00:03:13]}
31. Rc5 {[%clk 00:33:49]} {[%emt 00:00:32]} Ra6 {[%clk 00:06:32]} {[%emt
00:01:45]} 32. Rdxd5 {[%clk 00:33:25]} {[%emt 00:00:53]} b4 {[%clk 00:04:08]}
{[%emt 00:02:56]} 33. axb4 {[%clk 00:33:14]} {[%emt 00:00:41]} b6 {[%clk
00:04:05]} {[%emt 00:00:33]} 34. Re5 {[%clk 00:32:36]} {[%emt 00:01:07]} Kd6
{[%clk 00:04:01]} {[%emt 00:00:34]} 35. Rc2 {[%clk 00:31:48]} {[%emt 00:01:18]}
Ra1 {[%clk 00:03:46]} {[%emt 00:00:45]} 36. Kg2 {[%clk 00:31:39]} {[%emt
00:00:38]} Rd1 {[%clk 00:04:05]} {[%emt 00:00:11]} 37. Rb5 {[%clk 00:31:08]}
{[%emt 00:01:01]} Rd4 {[%clk 00:03:32]} {[%emt 00:01:02]} 38. Rxb6 {[%clk
00:28:49]} {[%emt 00:02:51]} Kd5 {[%clk 00:03:56]} {[%emt 00:00:07]} 39. Rb8
{[%clk 00:26:42]} {[%emt 00:02:36]} Ke6 {[%clk 00:03:22]} {[%emt 00:01:04]} 40.
Re2 {[%clk 00:26:43]} {[%emt 00:00:29]} Kd7 {[%clk 00:03:27]} {[%emt 00:00:26]}
41. Rb7 {[%clk 00:26:59]} {[%emt 00:00:14]} Kc6 {[%clk 00:03:48]} {[%emt
00:00:08]} 42. Rxf7 {[%clk 00:27:10]} {[%emt 00:00:19]} Rxb4 {[%clk 00:03:45]}
{[%emt 00:00:34]} 43. Rxg7 {[%clk 00:27:33]} {[%emt 00:00:06]} Rxf4 {[%clk
00:04:05]} {[%emt 00:00:10]} 44. Rxg6 {[%clk 00:27:58]} {[%emt 00:00:05]} Kc5
{[%clk 00:03:51]} {[%emt 00:00:44]} 45. h4 {[%clk 00:28:17]} {[%emt 00:00:11]}
Kb4 {[%clk 00:03:47]} {[%emt 00:00:35]} 46. h5 {[%clk 00:28:35]} {[%emt
00:00:11]} Kb3 {[%clk 00:04:01]} {[%emt 00:00:16]} 47. h6 {[%clk 00:28:58]}
{[%emt 00:00:07]} Rc4 {[%clk 00:04:11]} {[%emt 00:00:20]} 48. h7 {[%clk
00:29:21]} {[%emt 00:00:07]} Rc2 {[%clk 00:04:25]} {[%emt 00:00:17]} 49. Rxc2
{[%clk 00:29:34]} {[%emt 00:00:16]} Kxc2 {[%clk 00:04:52]} {[%emt 00:00:03]}
50. h8=Q {[%clk 00:29:26]} {[%emt 00:00:38]} Kb1 {[%clk 00:05:08]} {[%emt
00:00:14]} 51. Qc3 {[%clk 00:26:49]} {[%emt 00:03:06]} Ka1 {[%clk 00:04:55]}
{[%emt 00:00:44]} 52. b4 {[%clk 00:26:58]} {[%emt 00:00:21]} Kb1 {[%clk
00:05:19]} {[%emt 00:00:06]} 53. Rd6 {[%clk 00:26:53]} {[%emt 00:00:35]} Ka2
{[%clk 00:05:35]} {[%emt 00:00:15]} 54. Rd2 {[%clk 00:27:18]} {[%emt 00:00:04]}
Kb1 {[%clk 00:05:55]} {[%emt 00:00:11]} 55. Qb2# {[%clk 00:27:12]} {[%emt
00:00:03]} 1-0

[Event "DVM U14 2022"]
[Site "Kelheim GER"]
[Date "2022.12.27"]
[Round "1"]
[White "Schulz, Jonas"]
[Black "Sato, Kai"]
[Result "0-1"]
[Termination "normal"]
[Board "7.3"]
[WhiteElo "1350"]
[BlackElo "1432"]
[WhiteClock "00:07:50"]
[BlackClock "00:12:48"]
[WhiteTeam "Karlsruher SF 1853"]
[BlackTeam "USV TU Dresden"]
[PlyCount "86"]
[WhiteFideId "16245172"]
[BlackFideId "34605630"]
[EventCountry "GER"]
[EventRounds "7"]
[EventType "team-swiss"]
[EventDate "2022.12.26"]

1. e4 {[%clk 01:30:18]} {[%emt 00:00:04]} e5 {[%clk 01:30:59]} {[%emt
00:00:39]} 2. Nf3 {[%clk 01:30:30]} {[%emt 00:00:18]} Nc6 {[%clk 01:31:26]}
{[%emt 00:00:04]} 3. Bc4 {[%clk 01:30:38]} {[%emt 00:00:21]} Bc5 {[%clk
01:31:50]} {[%emt 00:00:06]} 4. c3 {[%clk 01:30:35]} {[%emt 00:00:34]} Nf6
{[%clk 01:32:15]} {[%emt 00:00:05]} 5. d3 {[%clk 01:30:44]} {[%emt 00:00:21]}
d6 {[%clk 01:24:19]} {[%emt 00:08:26]} 6. O-O {[%clk 01:27:13]} {[%emt
00:03:59]} O-O {[%clk 01:18:27]} {[%emt 00:06:24]} 7. Nbd2 {[%clk 01:20:26]}
{[%emt 00:07:17]} a6 {[%clk 01:09:35]} {[%emt 00:09:22]} 8. a3 {[%clk
01:13:59]} {[%emt 00:06:57]} Be6 {[%clk 01:07:20]} {[%emt 00:02:44]} 9. Ba2
{[%clk 01:06:17]} {[%emt 00:08:12]} Bxa2 {[%clk 01:03:38]} {[%emt 00:04:12]}
10. Rxa2 {[%clk 01:06:34]} {[%emt 00:00:14]} d5 {[%clk 01:01:24]} {[%emt
00:02:43]} 11. exd5 {[%clk 01:02:45]} {[%emt 00:04:18]} Qxd5 {[%clk 01:00:44]}
{[%emt 00:01:11]} 12. Nb3 {[%clk 01:01:04]} {[%emt 00:02:11]} Ba7 {[%clk
00:54:24]} {[%emt 00:06:49]} 13. Be3 {[%clk 00:55:17]} {[%emt 00:06:18]} Rfd8
{[%clk 00:46:14]} {[%emt 00:08:40]} 14. Bxa7 {[%clk 00:50:59]} {[%emt
00:04:49]} Rxa7 {[%clk 00:46:10]} {[%emt 00:00:34]} 15. d4 {[%clk 00:49:33]}
{[%emt 00:01:56]} Na5 {[%clk 00:43:39]} {[%emt 00:02:59]} 16. Nc1 {[%clk
00:43:18]} {[%emt 00:06:46]} e4 {[%clk 00:41:24]} {[%emt 00:02:45]} 17. Ne5
{[%clk 00:39:45]} {[%emt 00:04:02]} c5 {[%clk 00:40:20]} {[%emt 00:01:34]} 18.
b4 {[%clk 00:35:12]} {[%emt 00:05:04]} cxd4 {[%clk 00:37:56]} {[%emt 00:02:53]}
19. Nxf7 {[%clk 00:31:32]} {[%emt 00:04:11]} Kxf7 {[%clk 00:35:02]} {[%emt
00:03:24]} 20. bxa5 {[%clk 00:30:25]} {[%emt 00:01:38]} d3 {[%clk 00:31:29]}
{[%emt 00:04:02]} 21. Nb3 {[%clk 00:28:28]} {[%emt 00:02:28]} Raa8 {[%clk
00:30:52]} {[%emt 00:01:06]} 22. Rb2 {[%clk 00:25:03]} {[%emt 00:03:56]} Rac8
{[%clk 00:29:08]} {[%emt 00:02:14]} 23. Qd2 {[%clk 00:24:44]} {[%emt 00:00:48]}
Rc7 {[%clk 00:26:16]} {[%emt 00:03:21]} 24. Rc1 {[%clk 00:22:54]} {[%emt
00:02:21]} Rdc8 {[%clk 00:25:59]} {[%emt 00:00:46]} 25. g3 {[%clk 00:20:30]}
{[%emt 00:02:55]} Nd7 {[%clk 00:20:51]} {[%emt 00:05:37]} 26. f4 {[%clk
00:18:00]} {[%emt 00:03:02]} Nc5 {[%clk 00:18:36]} {[%emt 00:02:44]} 27. Nxc5
{[%clk 00:17:04]} {[%emt 00:01:27]} Qxc5 {[%clk 00:18:40]} {[%emt 00:00:25]}
28. Kf1 {[%clk 00:16:58]} {[%emt 00:00:36]} Qxa5 {[%clk 00:18:18]} {[%emt
00:00:53]} 29. Rb3 {[%clk 00:16:39]} {[%emt 00:00:49]} Qh5 {[%clk 00:16:44]}
{[%emt 00:02:03]} 30. Qb2 {[%clk 00:12:16]} {[%emt 00:04:53]} Rd8 {[%clk
00:13:29]} {[%emt 00:03:45]} 31. Qd2 {[%clk 00:10:21]} {[%emt 00:02:25]} Re7
{[%clk 00:13:08]} {[%emt 00:00:51]} 32. Re1 {[%clk 00:10:07]} {[%emt 00:00:44]}
Qf3 {[%clk 00:12:59]} {[%emt 00:00:39]} 33. Kg1 {[%clk 00:10:24]} {[%emt
00:00:13]} e3 {[%clk 00:13:05]} {[%emt 00:00:24]} 34. Qa2 {[%clk 00:09:44]}
{[%emt 00:01:10]} d2 {[%clk 00:11:51]} {[%emt 00:01:44]} 35. Rxb7 {[%clk
00:09:30]} {[%emt 00:00:45]} Kf8 {[%clk 00:11:59]} {[%emt 00:00:21]} 36. Rd1
{[%clk 00:07:58]} {[%emt 00:02:02]} Qxd1 {[%clk 00:12:04]} {[%emt 00:00:25]}
37. Kg2 {[%clk 00:08:19]} {[%emt 00:00:09]} Rxb7 {[%clk 00:11:58]} {[%emt
00:00:36]} 38. Qe6 {[%clk 00:08:27]} {[%emt 00:00:21]} Qe2 {[%clk 00:12:07]}
{[%emt 00:00:23]} 39. Kh3 {[%clk 00:08:39]} {[%emt 00:00:17]} d1=Q {[%emt
00:00:28]} 40. Qf5 {[%clk 00:08:42]} {[%emt 00:00:26]} Kg8 {[%clk 00:12:06]}
{[%emt 00:00:33]} 41. Qe6 {[%clk 00:07:46]} {[%emt 00:01:27]} Kh8 {[%clk
00:12:24]} {[%emt 00:00:12]} 42. f5 {[%clk 00:07:49]} {[%emt 00:00:27]} Qg4
{[%clk 00:12:40]} {[%emt 00:00:13]} 43. Kg2 {[%clk 00:07:50]} {[%emt 00:00:30]}
Rd2# {[%clk 00:12:48]} {[%emt 00:00:21]} 0-1